[Event "DSOL 2021"]
[Site "Germany"]
[Date "2021.02.26"]
[Round "4.1"]
[White "Einwiller, Dieter"]
[Black "Gelman, Josef"]
[Result "0-1"]
[WhiteElo "2138"]
[BlackElo "2007"]
[Annotator "TA"]
[PlyCount "92"]
[EventDate "2021.01.18"]
[EventType "team-tourn"]
[EventCountry "GER"]
[SourceTitle "playchess.com"]
[Source "ChessBase"]
[SourceQuality "1"]
[WhiteTeam "SF Pfullingen I"]
[BlackTeam "SC Weisse Dame"]

1. d4 d5 2. Bf4 c5 3. e3 Nc6 4. c3 Qb6 5. Qb3 c4 6. Qxb6 axb6 7. Nd2 b5 8. e4 e6 9. Be2 b4 10. Bf3 Nf6 11. Ne2 b3 12. a3 Be7 13. O-O O-O 14. Rfe1 Bd7 15. Be5 Nxe4 16. Bxe4 dxe4 17. Nxe4 Nxe5 18. dxe5 Bc6 19. Nd4 Bd5 20. Rad1 Ra5 21. f4 Bd8 22. Kf1 Bc7 23. g4 f6 24. exf6 Bxf4 25. fxg7 Kxg7 26. Kg1 Kh8 27. Ng3 e5 28. Ndf5 Bf3 29. h3 Bxd1 30. Rxd1 Bxg3 31. Nxg3 Raa8 32. Re1 Rf3 33. Kg2 Rd3 34. Nf1 Rf8 35. Rxe5 Rd1 36. Ne3 Rd2+ 37. Kg3 Rxb2 38. Nxc4 Rc2 39. Nd6 Rxc3+ 40. Kh4 b2 41. Rb5 Rf2 42. Rxb7 Rc1 43. Ne4 Re2 44. Nf6 b1=Q 45. Rxh7+ Qxh7+ 46. Nxh7 Kxh7 0-1

[Event "DSOL 2021"]
[Site "Germany"]
[Date "2021.02.26"]
[Round "4.1"]
[White "Royal, Shreyas"]
[Black "Sauer, Marko"]
[Result "1-0"]
[WhiteElo "2121"]
[BlackElo "2065"]
[Annotator "TA"]
[PlyCount "107"]
[EventDate "2021.01.18"]
[EventType "team-tourn"]
[EventCountry "GER"]
[SourceTitle "playchess.com"]
[Source "ChessBase"]
[SourceQuality "1"]
[WhiteTeam "SV Erkenschwick I"]
[BlackTeam "SG Arnstadt-Stadtilm"]

1. d4 Nf6 2. c4 e6 3. Nf3 b6 4. g3 Bb7 5. Bg2 Be7 6. O-O O-O 7. Nc3 d5 8. cxd5 Nxd5 9. Nxd5 Bxd5 10. Qc2 Nd7 11. Bf4 Rc8 12. e4 Bb7 13. Rad1 c6 14. Qb1 b5 15. Rfe1 Qa5 16. d5 exd5 17. exd5 Bb4 18. Re2 cxd5 19. a3 Bc5 20. b4 Bxf2+ 21. Rxf2 Qb6 22. Nd4 Rc3 23. Qf5 Nf6 24. Be5 Bc8 25. Qg5 h6 26. Qd2 Bg4 27. Qxc3 Bxd1 28. Bxf6 gxf6 29. Qd2 Bh5 30. Qxh6 Qxd4 31. Qxh5 Rc8 32. Bxd5 Rc7 33. Kg2 Rd7 34. Bf3 Re7 35. Qg4+ Qxg4 36. Bxg4 Kg7 37. Kf3 a5 38. Rc2 axb4 39. axb4 Re1 40. Rc5 Rf1+ 41. Kg2 Rb1 42. Rxb5 Rb2+ 43. Kh3 Kg6 44. Bf5+ Kg7 45. Be4 Re2 46. Bf3 Rf2 47. Bg2 Rb2 48. Rb8 f5 49. b5 Kf6 50. b6 f4 51. b7 Rb3 52. Rc8 fxg3 53. b8=Q gxh2+ 54. Qxb3 1-0

[Event "DSOL 2021"]
[Site "Germany"]
[Date "2021.02.24"]
[Round "4.1"]
[White "Gallasch, Jonas"]
[Black "Nolte, Gerhard"]
[Result "0-1"]
[WhiteElo "2112"]
[BlackElo "1525"]
[Annotator "TA"]
[PlyCount "100"]
[EventDate "2021.01.18"]
[EventType "team-tourn"]
[EventCountry "GER"]
[SourceTitle "playchess.com"]
[Source "ChessBase"]
[SourceQuality "1"]

1. d4 d5 2. c4 c6 3. cxd5 cxd5 4. Nc3 Nf6 5. Bf4 a6 6. Nf3 Nc6 7. Rc1 e6 8. e3 Be7 9. Bd3 Qb6 10. Qe2 Bd7 11. h3 O-O 12. O-O Rfc8 13. Ne5 Be8 14. Bb1 Nxe5 15. Bxe5 Nd7 16. Bh2 Rc6 17. e4 dxe4 18. d5 Rxc3 19. bxc3 exd5 20. c4 Nc5 21. Rfd1 Bg5 22. cxd5 Bxc1 23. Rxc1 Rd8 24. d6 Bc6 25. Qc4 Nd3 26. Bxd3 exd3 27. Qxd3 Qa5 28. Qc4 Qg5 29. Bg3 Rxd6 30. Re1 Rd8 31. h4 Qf6 32. Qe2 h6 33. a3 Qc3 34. Qe3 Rd3 35. Qe7 Qxa3 36. Qc7 Qf8 37. Qb6 Qd8 38. Qb1 Qd5 39. f3 a5 40. Qb2 Rd2 41. Qb6 a4 42. Qa7 Qa2 43. Bf2 a3 44. Qb8+ Kh7 45. Qg3 Qd5 46. Re5 Rd1+ 47. Kh2 a2 48. Be3 Rh1+ 49. Kxh1 a1=Q+ 50. Kh2 Qaxe5 0-1

[Event "DSOL 2021"]
[Site "Germany"]
[Date "2021.02.23"]
[Round "4.1"]
[White "Raka, Ramadan"]
[Black "Safi, Anis"]
[Result "1-0"]
[WhiteElo "2108"]
[BlackElo "1750"]
[Annotator "ChessBase"]
[PlyCount "101"]
[EventDate "2021.01.18"]
[EventType "team-tourn"]
[EventCountry "GER"]
[SourceTitle "playchess.com"]
[Source "ChessBase"]
[SourceQuality "1"]

1. d4 d5 2. Nf3 e6 3. Bf4 Nf6 4. e3 Bd6 5. Ne5 O-O 6. Nd2 Nbd7 7. Ndf3 Ne4 8. Bd3 Ndf6 9. h3 c5 10. c3 c4 11. Bc2 Nh5 12. Bh2 f5 13. O-O Nhf6 14. Ne1 Qc7 15. N1f3 Bd7 16. Nxd7 Bxh2+ 17. Nxh2 Nxd7 18. Qe1 b5 19. Bxe4 fxe4 20. f3 Nf6 21. Qh4 a5 22. Ng4 Nxg4 23. Qxg4 exf3 24. Qxe6+ Qf7 25. Qxf7+ Rxf7 26. Rxf3 Re8 27. Raf1 Rfe7 28. Re1 g6 29. Kf2 b4 30. Rf4 Kg7 31. Kf3 Re4 32. Rxe4 Rxe4 33. a3 b3 34. Ke2 Re6 35. Rf1 h6 36. Rf4 a4 37. Kf3 g5 38. Rf5 Rf6 39. Rxf6 Kxf6 40. e4 Ke6 41. g3 h5 42. h4 g4+ 43. Kf4 dxe4 44. Kxe4 Kd6 45. d5 Kc5 46. Ke5 Kb6 47. d6 Kc6 48. Ke6 Kc5 49. d7 Kc6 50. d8=Q Kc5 51. Qd5+ 1-0

[Event "DSOL 2021"]
[Site "Germany"]
[Date "2021.02.22"]
[Round "4.1"]
[White "Guelke, Volker"]
[Black "Lippert, Frank"]
[Result "0-1"]
[WhiteElo "2100"]
[BlackElo "1830"]
[Annotator "TA"]
[PlyCount "142"]
[EventDate "2021.01.18"]
[EventType "team-tourn"]
[EventCountry "GER"]
[SourceTitle "playchess.com"]
[Source "ChessBase"]
[SourceQuality "1"]

1. e4 e5 2. Nf3 Nc6 3. Nc3 Nf6 4. g3 Bc5 5. Bg2 O-O 6. d3 h6 7. O-O d6 8. Be3 Re8 9. Nh4 Kh7 10. Nf5 Bxe3 11. fxe3 Bxf5 12. Rxf5 Ne7 13. Rf2 c6 14. Qe2 Neg8 15. Raf1 g6 16. h4 Kg7 17. g4 Rf8 18. Bh3 Nh7 19. h5 Qh4 20. Rh2 Rae8 21. Qf2 Qd8 22. Qg3 Ng5 23. Rhf2 Re6 24. Kh2 Rf6 25. Bg2 Rxf2 26. Rxf2 Nf6 27. Bf3 Qd7 28. Bd1 b5 29. Qh4 b4 30. Nb1 Qe6 31. c4 d5 32. exd5 cxd5 33. Nd2 dxc4 34. Nxc4 e4 35. b3 exd3 36. Kg2 Nfe4 37. Rf4 Nc3 38. Bf3 d2 39. Nxd2 Qxe3 40. Rxb4 Qxd2+ 41. Qf2 Nxf3 42. Kxf3 Qxf2+ 43. Kxf2 gxh5 44. gxh5 Rc8 45. Rb7 a5 46. a4 Kf6 47. Rb6+ Kg5 48. Ra6 Rc5 49. Kf3 Kxh5 50. Kf4 Nd5+ 51. Ke4 Nb4 52. Rf6 Kg5 53. Rxf7 h5 54. Rg7+ Kh4 55. Kf4 Nd5+ 56. Ke5 Nb4+ 57. Kf4 Kh3 58. Rg3+ Kh2 59. Rg7 h4 60. Rh7 Kh3 61. Rh6 Rc3 62. Rh5 Nd3+ 63. Ke3 Rxb3 64. Rxa5 Ne1+ 65. Kf2 Nf3 66. Ra8 Ra3 67. Rg8 Nh2 68. Ra8 Ng4+ 69. Ke2 Kg3 70. a5 h3 71. a6 h2 0-1

[Event "DSOL 2021"]
[Site "Germany"]
[Date "2021.02.25"]
[Round "4.1"]
[White "Lieberwirth, Kasimir"]
[Black "Conrad, Christian"]
[Result "1-0"]
[WhiteElo "2074"]
[BlackElo "2091"]
[Annotator "TA"]
[PlyCount "99"]
[EventDate "2021.01.18"]
[EventType "team-tourn"]
[EventCountry "GER"]
[SourceTitle "playchess.com"]
[Source "ChessBase"]
[SourceQuality "1"]

1. e4 c6 2. d4 d5 3. e5 c5 4. dxc5 e6 5. a3 Nc6 6. Nf3 Bxc5 7. b4 Be7 8. Bd3 f6 9. Bb2 fxe5 10. Nxe5 Nf6 11. O-O O-O 12. Qe2 Bd7 13. Nxd7 Qxd7 14. Re1 Rae8 15. c4 Bd6 16. Nd2 Qc7 17. h3 a5 18. b5 Nd8 19. Bxf6 Rxf6 20. Bxh7+ Kf8 21. Bd3 Bc5 22. Rf1 Re7 23. cxd5 exd5 24. Qh5 Rh6 25. Qxd5 Rd7 26. Qf5+ Rf7 27. Qg4 Rf4 28. Qg3 Bd6 29. Qe3 Re6 30. Ne4 Nf7 31. Rac1 Qb8 32. g3 Rf5 33. Bc4 Ree5 34. Qd3 Bc7 35. Rfd1 Bb6 36. Bxf7 Rxf7 37. Qd6+ Qxd6 38. Rxd6 Bc7 39. Rd4 Bb6 40. Rd6 Bc7 41. Rd4 Bb6 42. Rdc4 Rfe7 43. Re1 Rd7 44. Kg2 Rd3 45. a4 Bd4 46. h4 Re8 47. Re2 b6 48. Rd2 Rxd2 49. Nxd2 Re2 50. Rxd4 1-0

[Event "DSOL 2021"]
[Site "Germany"]
[Date "2021.02.22"]
[Round "4.1"]
[White "Keyser, Robin"]
[Black "Hohlfeld, Wolfgang"]
[Result "1-0"]
[WhiteElo "2070"]
[BlackElo "2067"]
[Annotator "TA"]
[PlyCount "75"]
[EventDate "2021.01.18"]
[EventType "team-tourn"]
[EventCountry "GER"]
[SourceTitle "playchess.com"]
[Source "ChessBase"]
[SourceQuality "1"]

1. d4 d5 2. c4 dxc4 3. Nf3 Nf6 4. e3 c5 5. Bxc4 cxd4 6. O-O e6 7. Nxd4 Be7 8. Nc3 O-O 9. b3 a6 10. Bb2 b5 11. Be2 Bb7 12. Bf3 Ra7 13. Bxb7 Rxb7 14. Qf3 Rd7 15. a4 b4 16. Ne4 Nxe4 17. Qxe4 Bf6 18. Rac1 Qe7 19. h3 Rfd8 20. Rc4 g6 21. Rfc1 Kg7 22. a5 Rd5 23. Rxb4 Re5 24. Qb7 Qd6 25. Rb6 Qd5 26. Qxd5 Rexd5 27. b4 R5d6 28. Rc7 Rxb6 29. axb6 Rd6 30. b7 Rb6 31. Bc3 Be5 32. Rc8 Rxb7 33. Nxe6+ Kf6 34. Bxe5+ Kxe5 35. Nc5 Rb5 36. Rxb8 Rxb8 37. Nd7+ Kd6 38. Nxb8 1-0

[Event "DSOL 2021"]
[Site "Germany"]
[Date "2021.02.25"]
[Round "4.1"]
[White "Schueler, Hendrik"]
[Black "Schulze-Schwering, Philipp"]
[Result "1-0"]
[WhiteElo "2063"]
[BlackElo "2012"]
[Annotator "TA"]
[PlyCount "149"]
[EventDate "2021.01.18"]
[EventType "team-tourn"]
[EventCountry "GER"]
[SourceTitle "playchess.com"]
[Source "ChessBase"]
[SourceQuality "1"]

1. e4 c6 2. d4 d5 3. Nd2 dxe4 4. Nxe4 Nd7 5. Ng5 Ngf6 6. Bd3 Nb6 7. N1f3 h6 8. Ne4 Nxe4 9. Bxe4 Bg4 10. O-O e6 11. h3 Bxf3 12. Bxf3 Bd6 13. Qe2 O-O 14. c4 Bc7 15. Rd1 Re8 16. b3 Qh4 17. g3 Qe7 18. Bb2 Rad8 19. Re1 Rd7 20. Bg2 Qd8 21. Qg4 Qg5 22. Qe2 Qd8 23. Qe4 Rde7 24. Bf1 Nd7 25. Ba3 Nf6 26. Bxe7 Rxe7 27. Qh4 Rd7 28. Rad1 e5 29. d5 cxd5 30. cxd5 Rxd5 31. Rxd5 Qxd5 32. Qc4 Qxc4 33. Bxc4 Kf8 34. Kf1 Ke7 35. f4 Nd7 36. Bb5 f6 37. Bxd7 Kxd7 38. fxe5 Bxe5 39. Kg2 a5 40. Kf3 b5 41. Ke4 Ke6 42. g4 g6 43. Rc1 f5+ 44. gxf5+ gxf5+ 45. Kf3 a4 46. Rc5 axb3 47. axb3 b4 48. Rc4 Bd6 49. Rh4 Bf8 50. Rd4 Bd6 51. Rc4 Be7 52. Rc6+ Bd6 53. Rb6 Ke5 54. Rb5+ Ke6 55. Ke3 Be7 56. Rb6+ Ke5 57. Rb5+ Ke6 58. Kd4 h5 59. Rb6+ Bd6 60. Ra6 h4 61. Rb6 f4 62. Ke4 Kd7 63. Rb7+ Bc7 64. Rxb4 Ke6 65. Rb5 Bd6 66. Rb6 Kd7 67. Rxd6+ Kxd6 68. Kxf4 Kc5 69. Kg4 Kb4 70. Kxh4 Kxb3 71. Kg5 Kc4 72. h4 Kd5 73. Kg6 Ke6 74. h5 Ke7 75. Kg7 1-0

[Event "DSOL 2021"]
[Site "Germany"]
[Date "2021.02.23"]
[Round "4.1"]
[White "Linseisen, Stefan"]
[Black "Schlangenotto, Niklas"]
[Result "1-0"]
[WhiteElo "2047"]
[BlackElo "2008"]
[Annotator "ChessBase"]
[PlyCount "63"]
[EventDate "2021.01.18"]
[EventType "team-tourn"]
[EventCountry "GER"]
[SourceTitle "playchess.com"]
[Source "ChessBase"]
[SourceQuality "1"]

1. e4 Nc6 2. d4 d5 3. e5 f6 4. Bb5 fxe5 5. dxe5 e6 6. Nf3 Bc5 7. Nc3 a6 8. Bxc6+ bxc6 9. Na4 Ba7 10. b3 Qe7 11. O-O Bd7 12. c4 Nh6 13. Bxh6 gxh6 14. Rc1 O-O 15. c5 Rf5 16. Qe2 Qg7 17. Kh1 Raf8 18. Qxa6 Qg4 19. h3 Qh5 20. Nh2 Rxf2 21. Rxf2 Rxf2 22. Qxa7 Rxg2 23. Kxg2 Qe2+ 24. Kg3 Qxe5+ 25. Kf3 Qe4+ 26. Kf2 e5 27. Qb8+ Kf7 28. Nf3 Bxh3 29. Qxc7+ Kf8 30. Qd6+ Kg8 31. Rg1+ Bg4 32. Qe6+ 1-0

[Event "DSOL 2021"]
[Site "Germany"]
[Date "2021.02.24"]
[Round "4.1"]
[White "Zahn, Richard"]
[Black "Idelsohn, Garcia Jorge Francis"]
[Result "0-1"]
[WhiteElo "2046"]
[BlackElo "1900"]
[Annotator "TA"]
[PlyCount "92"]
[EventDate "2021.01.18"]
[EventType "team-tourn"]
[EventCountry "GER"]
[SourceTitle "playchess.com"]
[Source "ChessBase"]
[SourceQuality "1"]

1. f4 Nf6 2. Nf3 b6 3. e3 Bb7 4. d4 d6 5. Bc4 e6 6. O-O Be7 7. Nbd2 O-O 8. Qe2 Nbd7 9. c3 c5 10. a3 cxd4 11. exd4 Rc8 12. Ng5 h6 13. Ngf3 Qc7 14. Bd3 Rfe8 15. Kh1 Bf8 16. Ne4 Bxe4 17. Bxe4 e5 18. fxe5 dxe5 19. dxe5 Nxe4 20. Qxe4 Nxe5 21. Bf4 Qc4 22. Qf5 g6 23. Nxe5 Qxf1+ 24. Rxf1 gxf5 25. Nf3 Re2 26. Bc1 Rce8 27. h3 Bg7 28. Kg1 Rc2 29. Rd1 Ree2 30. Ne1 Rxc1 31. Rxc1 Rxb2 32. Nf3 Ra2 33. Nh4 Rxa3 34. Nxf5 Rxc3 35. Nxh6+ Kf8 36. Rxc3 Bxc3 37. Nf5 a5 38. Nd6 Ke7 39. Nb5 Bf6 40. Kf1 Kd7 41. Ke2 Kc6 42. Na3 b5 43. Kd3 b4 44. Nb1 Kb5 45. Kc2 a4 46. g3 b3+ 0-1

[Event "DSOL 2021"]
[Site "Germany"]
[Date "2021.02.25"]
[Round "4.1"]
[White "Mueller, Mark-Finn"]
[Black "Eidner, Falk"]
[Result "0-1"]
[WhiteElo "2033"]
[BlackElo "2040"]
[Annotator "TA"]
[PlyCount "56"]
[EventDate "2021.01.18"]
[EventType "team-tourn"]
[EventCountry "GER"]
[SourceTitle "playchess.com"]
[Source "ChessBase"]
[SourceQuality "1"]

1. d4 Nf6 2. c4 e6 3. Nc3 Bb4 4. f3 c5 5. d5 b5 6. e4 O-O 7. Nh3 d6 8. Nf2 Re8 9. a4 bxc4 10. Bxc4 Bb7 11. O-O Bxc3 12. bxc3 exd5 13. exd5 Nbd7 14. Ba2 Ne5 15. c4 Ba6 16. Qc2 Qe7 17. Bg5 h6 18. Bh4 Ng6 19. Bg3 h5 20. Nd3 h4 21. Rfe1 Qd7 22. Rxe8+ Rxe8 23. Be1 h3 24. g4 Nxg4 25. fxg4 Qxg4+ 26. Bg3 Re2 27. Qd1 Qf3 28. Qf1 Rg2+ 0-1

[Event "DSOL 2021"]
[Site "Germany"]
[Date "2021.02.22"]
[Round "4.1"]
[White "Boehm, Uwe"]
[Black "Rein, Joachim"]
[Result "1-0"]
[WhiteElo "2025"]
[BlackElo "1934"]
[Annotator "TA"]
[PlyCount "81"]
[EventDate "2021.01.18"]
[EventType "team-tourn"]
[EventCountry "GER"]
[SourceTitle "playchess.com"]
[Source "ChessBase"]
[SourceQuality "1"]

1. d4 d5 2. c4 e6 3. Nc3 f5 4. Nf3 Nf6 5. g3 c6 6. Bg2 Bd6 7. O-O O-O 8. Qc2 Ne4 9. Rb1 Nd7 10. b4 Ndf6 11. c5 Bb8 12. Bf4 a6 13. Bxb8 Rxb8 14. Na4 Nd7 15. Nb2 Qe7 16. Nd3 Ndf6 17. e3 Bd7 18. Nfe5 Be8 19. a4 Nd7 20. Rfc1 Nxe5 21. dxe5 Ng5 22. h4 Nf7 23. Qc3 g5 24. hxg5 Qxg5 25. Nf4 Bd7 26. Bf3 Qg7 27. Nh5 Qh6 28. Nf6+ Kh8 29. Nxd7 Ng5 30. Bg2 Rg8 31. Nxb8 Rxb8 32. b5 axb5 33. axb5 Rg8 34. bxc6 bxc6 35. Rb6 Nh3+ 36. Bxh3 Qxh3 37. Rxc6 h5 38. Rxe6 f4 39. Re7 Rg6 40. e6+ Kg8 41. Re8+ 1-0

[Event "DSOL 2021"]
[Site "Germany"]
[Date "2021.02.25"]
[Round "4.1"]
[White "Tonndorf, Matthias"]
[Black "Babula, Vlastimil"]
[Result "0-1"]
[WhiteElo "2007"]
[BlackElo "2559"]
[Annotator "TA"]
[PlyCount "52"]
[EventDate "2021.01.18"]
[EventType "team-tourn"]
[EventCountry "GER"]
[SourceTitle "playchess.com"]
[Source "ChessBase"]
[SourceQuality "1"]

1. e4 c5 2. Nf3 e6 3. d4 cxd4 4. Nxd4 Nc6 5. Nc3 Qc7 6. Be2 a6 7. O-O Nf6 8. Be3 Be7 9. Kh1 O-O 10. f4 d6 11. Qe1 Nxd4 12. Bxd4 Nd7 13. Qg3 Bf6 14. Bxf6 Nxf6 15. Rae1 b5 16. e5 dxe5 17. fxe5 Nd7 18. Bd3 Bb7 19. Rf4 g6 20. Rh4 Nc5 21. Qh3 f5 22. exf6 Rxf6 23. Ne4 Nxe4 24. Bxe4 Raf8 25. Bd3 Qxc2 26. Rd4 Qf2 0-1

[Event "DSOL 2021"]
[Site "Germany"]
[Date "2021.02.23"]
[Round "4.1"]
[White "Lehmann, Alexander"]
[Black "Sander, Johann"]
[Result "1-0"]
[WhiteElo "2000"]
[BlackElo "2078"]
[Annotator "ChessBase"]
[PlyCount "67"]
[EventDate "2021.01.18"]
[EventType "team-tourn"]
[EventCountry "GER"]
[SourceTitle "playchess.com"]
[Source "ChessBase"]
[SourceQuality "1"]

1. e4 g6 2. d4 Bg7 3. Nf3 d6 4. Be2 Nd7 5. O-O h6 6. Re1 e6 7. a4 Ne7 8. Be3 O-O 9. Qd2 Kh7 10. Nc3 a6 11. a5 Nf6 12. h3 Nd7 13. Bd3 e5 14. dxe5 Nxe5 15. Nxe5 dxe5 16. Red1 Be6 17. Na4 Nc6 18. Nc5 Bc8 19. Bc4 Qe7 20. c3 f5 21. f3 f4 22. Bf2 g5 23. b4 h5 24. Kf1 g4 25. hxg4 hxg4 26. Ke2 g3 27. Rh1+ Kg6 28. Bg1 Rd8 29. Qa2 b6 30. axb6 cxb6 31. Nd3 Qc7 32. Bd5 Bb7 33. Bxb6 Qxb6 34. Bf7+ 1-0

[Event "DSOL 2021"]
[Site "Germany"]
[Date "2021.02.26"]
[Round "4.1"]
[White "Brunner, Tobias"]
[Black "Toellner, Uwe"]
[Result "1/2-1/2"]
[WhiteElo "1998"]
[BlackElo "1973"]
[Annotator "TA"]
[PlyCount "187"]
[EventDate "2021.01.18"]
[EventType "team-tourn"]
[EventCountry "GER"]
[SourceTitle "playchess.com"]
[Source "ChessBase"]
[SourceQuality "1"]
[WhiteTeam "SC Windischeschenbach"]
[BlackTeam "Eckernförder SC I"]

1. e4 d6 2. d4 Nf6 3. Bd3 g6 4. f4 Bg7 5. Nf3 O-O 6. O-O Nc6 7. c3 Re8 8. e5 dxe5 9. fxe5 Nd5 10. Qb3 Rb8 11. Be4 e6 12. Bg5 Qd7 13. Nbd2 h6 14. Bh4 b6 15. Rae1 Ba6 16. Rf2 Nf4 17. Qc2 Ne7 18. Bg3 Nh5 19. Nf1 Rbc8 20. Rd2 Red8 21. Bf2 Qe8 22. Red1 Rb8 23. Be3 g5 24. Rf2 Bf8 25. g4 Nf4 26. Bxf4 gxf4 27. Qd2 Ng6 28. h4 Be7 29. h5 Nh4 30. Qxf4 Nxf3+ 31. Qxf3 Bg5 32. Ne3 Qe7 33. Ng2 c5 34. d5 exd5 35. Bxd5 Rf8 36. Re1 Rbd8 37. c4 Bc8 38. Nf4 Kg7 39. Ng2 Be6 40. Qe4 Qd7 41. Bxe6 Qxe6 42. Nf4 Bxf4 43. Rxf4 Rd4 44. Qf3 Qxc4 45. Rxd4 Qxd4+ 46. Kg2 Qd8 47. Rf1 Qg5 48. Qf6+ Qxf6 49. exf6+ Kg8 50. Re1 Rd8 51. Kh3 Rd6 52. Re8+ Kh7 53. Re7 Rxf6 54. Rxa7 Kg7 55. Rb7 Rd6 56. a4 Kf6 57. Kh4 Rc6 58. a5 bxa5 59. Rb5 Ke5 60. Rxa5 Kd4 61. Ra7 Rf6 62. Rc7 Rf2 63. Rb7 c4 64. Kg3 Rf6 65. g5 Rf5 66. gxh6 Rxh5 67. Rxf7 Rxh6 68. Rb7 Rf6 69. Kg4 Kd3 70. Rd7+ Ke4 71. Rc7 Kd4 72. Rd7+ Ke5 73. Rc7 Kd5 74. Rd7+ Kc6 75. Rd2 Kb5 76. Kg5 Rf1 77. Rd8 Rf2 78. Rb8+ Ka4 79. Kg4 Ka5 80. Kg3 Rf6 81. Kg4 Ka4 82. Kg3 Rf5 83. Kg4 Rf6 84. Kg3 Rf5 85. Kg4 Rf1 86. Kg3 Rf6 87. Kg4 Ka5 88. Kg3 Rf5 89. Kg4 Rb5 90. Rxb5+ Kxb5 91. Kf4 Kb4 92. Ke4 Kb3 93. Kd4 Kxb2 94. Kxc4 1/2-1/2

[Event "DSOL 2021"]
[Site "Germany"]
[Date "2021.02.26"]
[Round "4.1"]
[White "Antonov, Alexander"]
[Black "Belous, Mikhail"]
[Result "1/2-1/2"]
[WhiteElo "1990"]
[BlackElo "1814"]
[Annotator "TA"]
[PlyCount "40"]
[EventDate "2021.01.18"]
[EventType "team-tourn"]
[EventCountry "GER"]
[SourceTitle "playchess.com"]
[Source "ChessBase"]
[SourceQuality "1"]
[WhiteTeam "SG Osnabrück"]
[BlackTeam "SK Dessau I"]

1. e4 c5 2. Nf3 d6 3. c3 Nf6 4. h3 Nc6 5. Bd3 e5 6. O-O Be7 7. Bc2 O-O 8. d4 cxd4 9. cxd4 exd4 10. Nxd4 d5 11. Nc3 dxe4 12. Nxc6 bxc6 13. Nxe4 Ba6 14. Re1 Qxd1 15. Rxd1 Rab8 16. Nxf6+ Bxf6 17. Rb1 Rfd8 18. Be3 Rxd1+ 19. Rxd1 Bc4 20. b3 Bd5 1/2-1/2

[Event "DSOL 2021"]
[Site "Germany"]
[Date "2021.02.22"]
[Round "4.1"]
[White "Melcher, Matthias"]
[Black "Korten, Lando"]
[Result "0-1"]
[WhiteElo "1975"]
[BlackElo "2132"]
[Annotator "TA"]
[PlyCount "134"]
[EventDate "2021.01.18"]
[EventType "team-tourn"]
[EventCountry "GER"]
[SourceTitle "playchess.com"]
[Source "ChessBase"]
[SourceQuality "1"]

1. e4 c5 2. Nf3 d6 3. Bb5+ Bd7 4. Bxd7+ Qxd7 5. O-O Nc6 6. d4 cxd4 7. Nxd4 g6 8. Nc3 Bg7 9. Be3 Nf6 10. Kh1 O-O 11. h3 Rfd8 12. f4 d5 13. e5 Ne4 14. Nxe4 dxe4 15. c3 Qd5 16. Qe2 f5 17. Rfd1 Nxd4 18. Rxd4 Qc6 19. Rad1 Rxd4 20. Rxd4 b5 21. Qd2 a6 22. Rd7 Kf7 23. Kg1 Ke8 24. Rd5 Bf8 25. Qd1 e6 26. Rd2 Qc7 27. Qb3 Qc4 28. Qd1 Be7 29. Rd7 Qc6 30. Rd2 Rd8 31. Rxd8+ Bxd8 32. Qd4 Qd7 33. Kf2 Qxd4 34. Bxd4 Kd7 35. Ke3 Kc6 36. b3 Kd5 37. Ba7 g5 38. g3 h5 39. Bd4 h4 40. gxh4 gxf4+ 41. Kxf4 Bxh4 42. Bb6 Be1 43. Bd4 Bd2+ 44. Be3 Bxc3 45. h4 Bxe5+ 46. Kg5 f4 47. Bxf4 Bxf4+ 48. Kxf4 Kd4 49. h5 e3 50. h6 e2 51. h7 e1=Q 52. h8=Q+ e5+ 53. Kf5 Qe4+ 54. Ke6 Qg6+ 55. Kd7 Qf5+ 56. Kc6 Qe6+ 57. Kb7 Kd3 58. Qd8+ Kc2 59. Qh4 e4 60. Qf2+ Kb1 61. Qe2 e3 62. Ka7 b4 63. Kb7 a5 64. Ka7 Qd7+ 65. Kb6 Qd2 66. Qf1+ Kxa2 67. Kxa5 e2 0-1

[Event "DSOL 2021"]
[Site "Germany"]
[Date "2021.02.24"]
[Round "4.1"]
[White "Busch, Michael"]
[Black "Ophuels, Jan"]
[Result "1/2-1/2"]
[WhiteElo "1927"]
[BlackElo "1668"]
[Annotator "TA"]
[PlyCount "75"]
[EventDate "2021.01.18"]
[EventType "team-tourn"]
[EventCountry "GER"]
[SourceTitle "playchess.com"]
[Source "ChessBase"]
[SourceQuality "1"]

1. Nf3 f5 2. g3 Nf6 3. Bg2 g6 4. O-O Bg7 5. d4 O-O 6. c4 d6 7. Nc3 Qe8 8. d5 Na6 9. Nd4 Nc5 10. b4 Nfe4 11. Nxe4 Nxe4 12. Bb2 c5 13. f3 cxd4 14. fxe4 e5 15. Qd2 b6 16. a4 Bd7 17. a5 Rc8 18. axb6 axb6 19. Rfc1 Qf7 20. exf5 Qxf5 21. Rf1 Qh5 22. Rxf8+ Bxf8 23. Ra7 Bh6 24. Qd3 Be3+ 25. Kh1 Bf5 26. Qd1 d3 27. Bf3 dxe2 28. Qxe2 Be4 29. Qxe3 Bxf3+ 30. Kg1 Rf8 31. Ra1 Qh3 32. Qd2 e4 33. Bd4 h5 34. Ra7 Rf7 35. Ra8+ Rf8 36. Ra7 Rf7 37. Ra8+ Rf8 38. Ra7 1/2-1/2

[Event "DSOL 2021"]
[Site "Germany"]
[Date "2021.02.22"]
[Round "4.1"]
[White "Boehl, Marius"]
[Black "Dittmann, Hans-Adolf"]
[Result "1/2-1/2"]
[WhiteElo "1881"]
[BlackElo "2083"]
[Annotator "TA"]
[PlyCount "68"]
[EventDate "2021.01.18"]
[EventType "team-tourn"]
[EventCountry "GER"]
[SourceTitle "playchess.com"]
[Source "ChessBase"]
[SourceQuality "1"]

1. d4 Nf6 2. Nf3 c5 3. e3 g6 4. c4 Bg7 5. Nc3 O-O 6. Bd2 cxd4 7. Nxd4 Nc6 8. Be2 d6 9. O-O Qb6 10. Nxc6 bxc6 11. Na4 Qc7 12. Bc3 e5 13. f4 Ne4 14. Qc2 Bf5 15. Bd3 Nxc3 16. Nxc3 Bxd3 17. Qxd3 exf4 18. Rxf4 Qb6 19. Rb1 Rae8 20. Rf3 Re6 21. Kh1 Rfe8 22. e4 Qd4 23. h3 Qxd3 24. Rxd3 Bxc3 25. bxc3 Rxe4 26. Rxd6 Rxc4 27. Rb7 Re1+ 28. Kh2 Rxc3 29. Rf6 Re2 30. Rfxf7 Rcc2 31. Rg7+ Kf8 32. Rgf7+ Kg8 33. Rg7+ Kf8 34. Rgf7+ Kg8 1/2-1/2

[Event "DSOL 2021"]
[Site "Germany"]
[Date "2021.02.22"]
[Round "4.1"]
[White "Leyendecker, Niklas"]
[Black "Lamby, Philipp"]
[Result "0-1"]
[WhiteElo "1865"]
[BlackElo "2123"]
[Annotator "TA"]
[PlyCount "44"]
[EventDate "2021.01.18"]
[EventType "team-tourn"]
[EventCountry "GER"]
[SourceTitle "playchess.com"]
[Source "ChessBase"]
[SourceQuality "1"]

1. d4 Nf6 2. c4 e6 3. Nc3 Bb4 4. e3 b6 5. Bd3 Bb7 6. Nf3 Ne4 7. O-O Bxc3 8. bxc3 O-O 9. Qc2 f5 10. a4 a5 11. Qb3 Rf6 12. d5 Na6 13. Bxe4 Nc5 14. Qc2 fxe4 15. Ne5 d6 16. Nc6 Bxc6 17. dxc6 Qe8 18. Ba3 Nd3 19. f3 Qxc6 20. fxe4 Rxf1+ 21. Rxf1 Qxe4 22. h3 Qxe3+ 0-1

[Event "DSOL 2021"]
[Site "Germany"]
[Date "2021.02.24"]
[Round "4.1"]
[White "Rudolph, Lukas"]
[Black "Reuter, Maximilian"]
[Result "0-1"]
[WhiteElo "1864"]
[BlackElo "1897"]
[Annotator "NA RC"]
[PlyCount "46"]
[EventDate "2021.01.18"]
[EventType "team-tourn"]
[EventCountry "GER"]
[SourceTitle "playchess.com"]
[Source "ChessBase"]
[SourceQuality "1"]

1. e4 e6 2. d4 d5 3. Nd2 Nf6 4. e5 Nfd7 5. c3 c5 6. Bd3 Nc6 7. Ne2 cxd4 8. cxd4 f6 9. Nf4 Nxd4 10. Qh5+ Ke7 11. Ng6+ hxg6 12. exf6+ Nxf6 13. Qxh8 Kf7 14. O-O e5 15. Nf3 Nxf3+ 16. gxf3 Bf5 17. Be2 Nh5 18. Rd1 Qh4 19. Be3 Rd8 20. Rac1 Bd6 21. Qh7 d4 22. Bc4+ Kf6 23. Bd2 g5 0-1